Plantation management procedures for large-scale plantations in Peninsular Malaysia

Bibliographic Details
Corporate Authors: MALAYSIA, The Forestry and Forest Industries Development Project of the Food and Agriculture Organization of the United Nations
Format: Book
Published: Kuala Lumpur : Forestry and Forest Industries Development , 1975
Subjects:

MARC

LEADER 00000cam a2200000 7i4500
001 0000001353
005 20010601.0
090 0 0 |a 634.92095951   |b MAL 1975 
110 1 0 |a MALAYSIA 
245 1 0 |a Plantation management procedures for large-scale plantations in Peninsular Malaysia   |c prepared by the Forestry and Forest Industries Development Project of the Food and Agriculture Organization of the United Nations 
260 0 0 |a Kuala Lumpur :   |b Forestry and Forest Industries Development ,   |c 1975 
300 |a viii, 205 p. :   |b ill. ;   |c 28 cm. 
500 0 0 |a Bibliography : [p. 204-205] 
650 0 0 |a Plantations   |x Management   |z Malaysia 
710 1 1 |a The Forestry and Forest Industries Development Project of the Food and Agriculture Organization of the United Nations 
998 |a JPSM 
999 |a 0000000104   |b Monograph   |c Open Shelf   |e Default branch 
999 |a 0000003128   |b Monograph   |c Reference   |e Default branch 
999 |a 0000003219   |b Monograph   |c Open Shelf   |e Default branch